000 00328nam a2200133Ia 4500
008 210210b1970 xxu||||| |||| 00| 0 eng d
082 _a330 ISRP
100 _aISRANEY (S M).
245 _aPrinciples of economics.
260 _aAllahabad
_bKitab mahal
_c1970
300 _axvi,726
690 _aEconomic Theory
906 _a028700
999 _c79937
_d79937